00000000nam##2200000za#4500
0019.613672
003CaOODSP
00520200327131542
007ta
008150406|1997||||xxc|||||     f|0| 0 eng|d
022 |a0825-0170
040 |aCaOODSP|beng
043 |an-cn---
0861 |aNE12-3/13-1997E
1101 |aCanada. |bNational Energy Board.
24510|aPipeline regulation : |ban overview for landowners and tenants
260 |aCalgary - Alberta : |bNational Energy Board |c1997.
300 |a7p. ; |c28 cm.
4901 |aInformation bulletin|x0825-0170|vXIII
500 |a"Landowner and tenant rights are important aspects of the National Energy Board's regulation of pipelines. This bulletin describes how the Board takes these aspects into account, and how landowners and tenants may exercise their rights and participate in the process."--Cover page.
5203 |aLandowner and tenant rights are important aspects of the National Energy Board's regulation of pipelines. This bulletin describes how the Board takes these aspects into account, and how landowners and tenants may exercise their rights and participate in the process.--Cover page
563 |aProcessed
590 |a97-09|b1997-02-28
7760#|tPipeline regulation : |w(CaOODSP)9.573044
830#0|aInformation bulletin,|x0825-0170|vXIII|w(CaOODSP)9.514804